[Event "SVK-chT2A 2122"]
[Site "Slovakia"]
[Date "2022.03.26"]
[Round "8.8"]
[White "Vida, Gergo"]
[Black "Juhaniak, Lubomir"]
[Result "1-0"]
[WhiteElo "1326"]
[BlackElo "1774"]
[PlyCount "81"]
[EventDate "2021.10.16"]
[EventType "team-tourn"]
[EventRounds "11"]
[EventCountry "SVK"]
[SourceTitle "EXT 2023"]
[Source "ChessBase"]
[SourceDate "2022.10.05"]
[SourceVersion "1"]
[SourceVersionDate "2022.10.05"]
[SourceQuality "1"]
[WhiteTeam "Dunajska Streda II"]
[BlackTeam "Krasnany"]
[WhiteTeamCountry "SVK"]
[BlackTeamCountry "SVK"]

1. d4 Nf6 2. c4 e5 3. dxe5 Ng4 4. Nf3 Bc5 5. e3 Nc6 6. a3 a5 7. Nc3 Ngxe5 8. Ne4 Qe7 9. Nxc5 Qxc5 10. Be2 d6 11. Bd2 a4 12. 0-0 0-0 13. Nxe5 Qxe5 14. Bc3 Qg5 15. Kh1 Be6 16. Rc1 Rfd8 17. f4 Qc5 18. Rf3 f5 19. Rg3 Rd7 20. Bd3 d5 21. Qh5 d4 22. exd4 Nxd4 23. Re1 Bf7 24. Qg5 Bg6 25. h4 Ra6 26. h5 h6 27. Qh4 Bf7 28. Rge3 Re6 29. Rxe6 Nxe6 30. Qg3 Nd4 31. Re5 Qd6 32. Bxf5 Nxf5 33. Rxf5 Bxh5 34. Rd5 Qe7 35. Rxh5 Rd1+ 36. Kh2 Qf7 37. Rf5 Qd7 38. Rd5 Rxd5 39. cxd5 Qf7 40. Qg4 h5 41. Qe6 1-0

[Event "FICGS rapid C 000022 email"]
[Site "FICGS email"]
[Date "2007.02.12"]
[Round "1"]
[White "Abdullah, Shaikh"]
[Black "Vida, Gergo"]
[Result "0-1"]
[WhiteElo "1200"]
[BlackElo "1400"]
[PlyCount "40"]
[EventDate "2007.??.??"]
[EventType "tourn (rapid)"]
[EventRounds "4"]
[SourceTitle "Corr 2022"]
[Source "ChessBase"]
[SourceDate "2021.10.24"]
[SourceVersion "1"]
[SourceVersionDate "2021.10.24"]
[SourceQuality "1"]

1. e4 c5 2. Bc4 Nf6 3. Nf3 Nxe4 4. Bxf7+ Kxf7 5. Ne5+ Kg8 6. Qf3 Nf6 7. Qb3+ e6 8. d4 cxd4 9. 0-0 Nc6 10. Re1 Nxe5 11. Rxe5 Qc7 12. Bf4 Bd6 13. Qg3 Nd5 14. Bh6 Bxe5 15. Qg4 Qxc2 16. Nd2 Qxb2 17. Re1 d3 18. Nc4 Qb4 19. Rc1 Bf6 20. Ne3 d2 0-1

[Event "FICGS class E 000034 email"]
[Site "FICGS email"]
[Date "2007.02.12"]
[Round "1"]
[White "Grammenos, Nikos"]
[Black "Vida, Gergo"]
[Result "0-1"]
[WhiteElo "1400"]
[BlackElo "1400"]
[PlyCount "28"]
[EventDate "2007.??.??"]
[EventType "tourn (corr)"]
[EventRounds "5"]
[SourceTitle "Corr 2022"]
[Source "ChessBase"]
[SourceDate "2021.10.24"]
[SourceVersion "1"]
[SourceVersionDate "2021.10.24"]
[SourceQuality "1"]

1. e4 c5 2. Nf3 d6 3. d4 cxd4 4. Nxd4 Nf6 5. Nc3 e6 6. Be3 a6 7. Bd3 Be7 8. Qd2 Ng4 9. f3 Nxe3 10. Qxe3 Nc6 11. Nxc6 bxc6 12. 0-0-0 0-0 13. Kb1 Rb8 14. h3 Qa5 0-1